| 000 | 00741nam a2200265Ia 4500 | ||
|---|---|---|---|
| 005 | 20250425161926.0 | ||
| 008 | 250425s9999 xx 000 0 und d | ||
| 020 | _a8489303592 | ||
| 041 | _aspa | ||
| 043 | _ape | ||
| 082 | _a614 | ||
| 100 | _aCUETO, MARCO | ||
| 245 | 0 | _aSALUD, CULTURA Y SOCIEDAD EN AMERICA LATINA: NUEVAS PERSPECTIVAS HISTORICAS | |
| 250 | _aS.E. | ||
| 260 | _aLIMA | ||
| 260 |
_aPerĂº _bORGANIZACION PANAMERICANA DE LA SALUD _c1996 |
||
| 300 | _a253 | ||
| 500 | _aSerie Estudios20 (IEP) , PALTEX Salud y Sociedad 2000 n.- 2 (OPS) | ||
| 650 | _aSALUD | ||
| 650 | _aSALUD PUBLICA | ||
| 650 | _aSOCIEDAD Y CULTURA | ||
| 710 | _aORGANIZACION PANAMERICANA DE LA SALUD | ||
| 942 | _c01 | ||
| 010 | _a35156 | ||
| 999 |
_c218967 _d218967 |
||